Missing Word: Pop Artists Quiz Stats

Quiz Updated Sep 28, 2014

Challenge
Share
Tweet
Embed
Score 0/24 Timer 02:00
0 Plays Today
Hint Answer % Correct
_____ TimberlakeJustin
98.5%
_____ GagaLady
98.3%
Michael _____Jackson
98.1%
Katy _____Perry
97.9%
The Black _____ PeasEyed
97.1%
Spice _____Girls
97%
Miley _____Cyrus
96.6%
Backstreet _____Boys
95.6%
Celine _____Dion
94.9%
_____ ClarksonKelly
94.1%
Britney _____Spears
93.8%
_____ SwiftTaylor
93.7%
Hint Answer % Correct
___ DirectionOne
92.3%
_____ LopezJennifer
90.1%
_____ LavigneAvril
86.3%
Boyz II _____Men
86%
Ricky _____Martin
81.5%
_____ GomezSelena
80.4%
_____ PunkDaft
74.8%
Christina _____Aguilera
73.4%
_____ MrazJason
72.7%
Bee _____Gees
67.5%
Enrique _____Iglesias
63.2%
_____ BarkleyGnarls
55%

Today's Daily Dose

Quick Pick
Brass Quintet

On This Day
May 22nd II

You're not logged in!

Compare scores with friends on all Sporcle quizzes.
Join for Free
OR
Log In

You Might Also Like...

Show Comments

Extras

Top Quizzes Today


Score Distribution

Your Account Isn't Verified!

In order to create a playlist on Sporcle, you need to verify the email address you used during registration. Go to your Sporcle Settings to finish the process.

Report this User

Report this user for behavior that violates our Community Guidelines.

Details: